[Event "RUS-ch (Women)"]
[Site "Elista"]
[Date "2001.??.??"]
[Round "3"]
[White "Demina, Julia"]
[Black "Ovchinnikova, Julia"]
[Result "1-0"]
[WhiteElo "2350"]
[BlackElo "2204"]
[PlyCount "57"]
[EventDate "2001.??.??"]
[EventType "swiss"]
[EventRounds "9"]
[EventCountry "RUS"]
[SourceTitle "EXT 2002"]
[Source "ChessBase"]
[SourceDate "2001.11.25"]
[SourceVersion "1"]
[SourceVersionDate "2001.11.25"]
[SourceQuality "1"]

1. d4 Nf6 2. c4 e6 3. Nf3 d5 4. Nc3 c6 5. e3 Nbd7 6. Qc2 Bd6 7. b3 b6 8. Bb2 Bb7 9. 0-0-0 Qe7 10. Kb1 0-0 11. Bd3 Rac8 12. e4 dxc4 13. Bxc4 e5 14. Rhe1 b5 15. Bf1 Rfe8 16. dxe5 Nxe5 17. Nh4 Bc5 18. Nf5 Qc7 19. h3 Bf8 20. f4 Ng6 21. e5 Nh5 22. g3 a6 23. Be2 Nxg3 24. Nxg3 Nxf4 25. Bg4 Rcd8 26. Nce4 Rxd1+ 27. Rxd1 Rd8 28. Rf1 Nd5 29. Ng5 1-0

[Event "RUS-ch (Women)"]
[Site "Elista"]
[Date "2001.??.??"]
[Round "5"]
[White "Grabuzova, Tatiana"]
[Black "Ovchinnikova, Julia"]
[Result "1/2-1/2"]
[WhiteElo "2375"]
[BlackElo "2204"]
[PlyCount "76"]
[EventDate "2001.??.??"]
[EventType "swiss"]
[EventRounds "9"]
[EventCountry "RUS"]
[SourceTitle "EXT 2002"]
[Source "ChessBase"]
[SourceDate "2001.11.25"]
[SourceVersion "1"]
[SourceVersionDate "2001.11.25"]
[SourceQuality "1"]

1. b3 e5 2. Bb2 Nc6 3. e3 Nf6 4. Bb5 Bd6 5. Nh3 0-0 6. 0-0 a6 7. Be2 Re8 8. f4 exf4 9. Nxf4 Be5 10. Bxe5 Nxe5 11. Nh5 Nxh5 12. Bxh5 d5 13. d4 Ng6 14. Qf3 Be6 15. Nc3 Qd7 16. Na4 b6 17. Qf2 Rad8 18. Be2 a5 19. Bd3 f6 20. Qg3 Qd6 21. Bxg6 Qxg3 22. Bxh7+ Kxh7 23. hxg3 Bd7 24. Kf2 Bxa4 25. bxa4 Rd6 26. c4 dxc4 27. Rac1 Rd5 28. Rh1+ Kg6 29. Rxc4 Re7 30. Rh4 Kg5 31. Kf3 f5 32. Rh8 c5 33. Rb8 cxd4 34. Rxd4 Rde5 35. Rd3 R7e6 36. Rbd8 Rc5 37. R8d6 Rxd6 38. Rxd6 Rc2 1/2-1/2

[Event "RUS-chT1 (Women)"]
[Site "Protvino"]
[Date "2001.??.??"]
[Round "7"]
[White "Iljushina, Olga"]
[Black "Ovchinnikova, Julia"]
[Result "0-1"]
[WhiteElo "2154"]
[BlackElo "2204"]
[PlyCount "64"]
[EventDate "2001.02.??"]
[EventType "team"]
[EventRounds "9"]
[EventCountry "RUS"]
[SourceTitle "EXT 2002"]
[Source "ChessBase"]
[SourceDate "2001.11.25"]
[SourceVersion "1"]
[SourceVersionDate "2001.11.25"]
[SourceQuality "1"]

1. d4 Nf6 2. Nf3 d5 3. c4 e6 4. Nc3 Bb4 5. Bg5 dxc4 6. Qa4+ Nc6 7. e3 Qd5 8. Bxf6 gxf6 9. Nd2 Bxc3 10. bxc3 b5 11. Qc2 Nd8 12. a4 c6 13. Ne4 Ke7 14. Qb1 Nb7 15. axb5 cxb5 16. Qb4+ Kd8 17. Nc5 Nxc5 18. dxc5 Bd7 19. Rd1 a5 20. Qa3 Qc6 21. Rd6 b4 22. cxb4 axb4 23. Qxb4 Ra1+ 24. Rd1 Rxd1+ 25. Kxd1 Rg8 26. Qxc4 Rg5 27. Qc3 Ke7 28. Bd3 Qxg2 29. Rf1 Qc6 30. Bxh7 Rxc5 31. Qa3 Qd6+ 32. Qd3 Rd5 0-1

[Event "RUS-chT1 (Women)"]
[Site "Protvino"]
[Date "2001.??.??"]
[Round "8"]
[White "Ovchinnikova, Julia"]
[Black "Chernikova, Svetlana"]
[Result "1-0"]
[WhiteElo "2204"]
[BlackElo "2191"]
[PlyCount "77"]
[EventDate "2001.02.??"]
[EventType "team"]
[EventRounds "9"]
[EventCountry "RUS"]
[SourceTitle "EXT 2002"]
[Source "ChessBase"]
[SourceDate "2001.11.25"]
[SourceVersion "1"]
[SourceVersionDate "2001.11.25"]
[SourceQuality "1"]

1. d4 g6 2. e4 Bg7 3. c3 d6 4. Nf3 Nf6 5. Bd3 0-0 6. 0-0 Bg4 7. h3 Bxf3 8. Qxf3 c6 9. a4 Nbd7 10. Bc2 Qc7 11. Be3 e6 12. Nd2 d5 13. e5 Ne8 14. Qe2 c5 15. f4 f5 16. Nf3 Rf7 17. Rac1 cxd4 18. cxd4 Qb6 19. Bd3 a6 20. Rc2 Nf8 21. Bd2 Rc7 22. Bc3 Rac8 23. g4 Qb3 24. Ra1 Qb6 25. Kh1 Kh8 26. Nh4 Bh6 27. Ng2 Qa7 28. Rf1 Qb8 29. Ne3 Rf7 30. gxf5 exf5 31. Nxd5 Ne6 32. Nb6 Nxf4 33. Rxf4 Rc6 34. Rf2 Rxb6 35. d5 Bg7 36. Bc4 Rc7 37. a5 Rb5 38. Bxb5 axb5 39. Qxb5 1-0

[Event "RUS-chT1 (Women)"]
[Site "Protvino"]
[Date "2001.??.??"]
[Round "6"]
[White "Ovchinnikova, Julia"]
[Black "Lomakina, Galja"]
[Result "1/2-1/2"]
[WhiteElo "2204"]
[BlackElo "2134"]
[PlyCount "69"]
[EventDate "2001.02.??"]
[EventType "team"]
[EventRounds "9"]
[EventCountry "RUS"]
[SourceTitle "EXT 2002"]
[Source "ChessBase"]
[SourceDate "2001.11.25"]
[SourceVersion "1"]
[SourceVersionDate "2001.11.25"]
[SourceQuality "1"]

1. d4 d6 2. c4 e5 3. Nf3 e4 4. Nfd2 f5 5. Nc3 c6 6. e3 Nf6 7. Qb3 Be7 8. f3 d5 9. Be2 Na6 10. cxd5 cxd5 11. Bb5+ Kf8 12. 0-0 Nc7 13. fxe4 fxe4 14. Be2 g6 15. Rf2 Kg7 16. Nf1 Rf8 17. Bd2 Qd6 18. Rc1 Bg4 19. Be1 Bxe2 20. Nxe2 Rab8 21. a3 Ne6 22. Qa4 a6 23. h3 Rf7 24. Rxf6 Bxf6 25. Bg3 Qd8 26. Bxb8 Qxb8 27. Qc2 Bh4 28. g3 Bd8 29. Kg2 Qd6 30. Nh2 Qf8 31. Ng1 Bg5 32. Qd2 h5 33. Rf1 Rxf1 34. Nxf1 h4 35. Qf2 1/2-1/2

[Event "RUS-ch (Women)"]
[Site "Elista"]
[Date "2001.??.??"]
[Round "8"]
[White "Ovchinnikova, Julia"]
[Black "Mirzoeva, Elmira"]
[Result "1-0"]
[WhiteElo "2204"]
[BlackElo "2307"]
[PlyCount "101"]
[EventDate "2001.??.??"]
[EventType "swiss"]
[EventRounds "9"]
[EventCountry "RUS"]
[SourceTitle "EXT 2002"]
[Source "ChessBase"]
[SourceDate "2001.11.25"]
[SourceVersion "1"]
[SourceVersionDate "2001.11.25"]
[SourceQuality "1"]

1. d4 Nf6 2. c4 d6 3. Nf3 Nbd7 4. Nc3 e5 5. g3 c6 6. e4 Be7 7. Bg2 0-0 8. 0-0 a5 9. Re1 exd4 10. Nxd4 Nc5 11. h3 a4 12. Bf4 Nfd7 13. Qc2 Ne5 14. Bf1 Bg5 15. Be3 Ne6 16. Qd1 Bxe3 17. Rxe3 a3 18. b3 Qf6 19. Nf5 g6 20. Nh6+ Kg7 21. Ng4 Nxg4 22. hxg4 g5 23. Qxd6 Rd8 24. e5 Qh6 25. Qe7 Rd7 26. Qf6+ Qxf6 27. exf6+ Kxf6 28. Bd3 h6 29. Bf5 Rd4 30. Rae1 Bd7 31. Re4 Rd2 32. Rxe6+ fxe6 33. Ne4+ Kf7 34. Bxe6+ Bxe6 35. Nxd2 Bxg4 36. c5 Rd8 37. Nc4 Be6 38. Nd6+ Kf6 39. f3 b5 40. Kf2 Bd5 41. Rh1 Kg6 42. g4 Be6 43. Ke3 Rf8 44. Rd1 Bd5 45. Rxd5 cxd5 46. c6 Kf6 47. c7 Ke7 48. c8Q Rxc8 49. Nxc8+ Kd7 50. Na7 b4 51. Nb5 1-0

[Event "RUS-ch (Women)"]
[Site "Elista"]
[Date "2000.05.18"]
[Round "8"]
[White "Ovchinnikova, Julia"]
[Black "Timurova, Lilia"]
[Result "0-1"]
[WhiteElo "2221"]
[BlackElo "2114"]
[PlyCount "86"]
[EventDate "2000.05.11"]
[EventType "swiss"]
[EventRounds "9"]
[EventCountry "RUS"]
[SourceTitle "CBM 076 Extra"]
[Source "ChessBase"]
[SourceDate "2000.07.11"]
[SourceVersion "1"]
[SourceVersionDate "2000.07.11"]
[SourceQuality "1"]

1. d4 Nf6 2. c4 e6 3. Nc3 Bb4 4. e3 c5 5. Bd3 Nc6 6. Nge2 0-0 7. 0-0 cxd4 8. exd4 d5 9. a3 Be7 10. Re1 b6 11. b4 dxc4 12. Bxc4 Bb7 13. Bb2 Rc8 14. Ba2 Qd7 15. d5 exd5 16. Nf4 d4 17. Ncd5 Nxd5 18. Nxd5 Bd6 19. Re4 Rfe8 20. Rxd4 Qd8 21. Rd3 Be5 22. Rh3 Bxb2 23. Qc2 h6 24. Qxb2 Qg5 25. Rg3 Qe5 26. Qxe5 Rxe5 27. f4 Re2 28. Bc4 Re6 29. f5 Re5 30. f6 b5 31. fxg7 Re6 32. Rf1 bxc4 33. Rf6 Rce8 34. h3 Ne5 35. Nc7 Rxf6 36. Nxe8 Rg6 37. Re3 Rxg2+ 38. Kf1 Nd3 39. Re7 Rf2+ 40. Kg1 Bc6 41. Nd6 Bd5 42. Nb5 Rh2 43. Nxa7 Bf3 0-1

[Event "RUS-ch (Women)"]
[Site "Elista"]
[Date "2000.05.12"]
[Round "2"]
[White "Ovchinnikova, Julia"]
[Black "Zaiatz, Elena"]
[Result "1/2-1/2"]
[WhiteElo "2221"]
[BlackElo "2340"]
[PlyCount "135"]
[EventDate "2000.05.11"]
[EventType "swiss"]
[EventRounds "9"]
[EventCountry "RUS"]
[SourceTitle "CBM 076 Extra"]
[Source "ChessBase"]
[SourceDate "2000.07.11"]
[SourceVersion "1"]
[SourceVersionDate "2000.07.11"]
[SourceQuality "1"]

1. d4 Nf6 2. c4 e6 3. Nf3 d5 4. Nc3 dxc4 5. e4 Bb4 6. Bg5 c5 7. Bxc4 cxd4 8. Nxd4 Bxc3+ 9. bxc3 Nbd7 10. Nb5 a6 11. Nd6+ Ke7 12. Qd4 Qa5 13. Bh4 Qe5 14. Bg3 Qxd4 15. cxd4 Nh5 16. e5 f6 17. f4 g5 18. fxg5 Nxg3 19. gxf6+ Nxf6 20. hxg3 Ne8 21. Ne4 b5 22. Be2 Bb7 23. Bf3 Rd8 24. 0-0-0 Bxe4 25. Bxe4 h6 26. Kb2 Ng7 27. Rd2 Rd7 28. Rf1 Rhd8 29. Bg6 Nf5 30. g4 Rxd4 31. Rc2 Rb4+ 32. Kc1 Rxg4 33. Bh5 Rg3 34. Bf3 Ne3 35. Rc7+ Rd7 36. Rxd7+ Kxd7 37. Rf2 Nc4 38. Bb7 Nxe5 39. Rd2+ Kc7 40. Bxa6 Nd3+ 41. Kb1 Kb6 42. Bc8 Nf4 43. Bxe6 Rxg2 44. Rd4 Nxe6 45. Rd6+ Ka5 46. Rxe6 Rh2 47. Re4 b4 48. Re8 h5 49. Ra8+ Kb5 50. Rb8+ Kc4 51. Rc8+ Kd3 52. Rb8 Rh4 53. Rb5 Kc4 54. Rf5 Rh1+ 55. Kc2 Rh2+ 56. Kb1 h4 57. Rf4+ Kc5 58. Rf5+ Kd6 59. Rf4 h3 60. Rf3 Ke5 61. a3 Rh1+ 62. Ka2 Ke4 63. Rb3 Rh2+ 64. Ka1 bxa3 65. Rxa3 Kf4 66. Rb3 Kg4 67. Rb4+ Kg3 68. Rb3+ 1/2-1/2

[Event "RUS-ch (Women)"]
[Site "Elista"]
[Date "2000.05.11"]
[Round "1"]
[White "Demina, Julia"]
[Black "Ovchinnikova, Julia"]
[Result "1/2-1/2"]
[WhiteElo "2376"]
[BlackElo "2221"]
[PlyCount "67"]
[EventDate "2000.05.11"]
[EventType "swiss"]
[EventRounds "9"]
[EventCountry "RUS"]
[SourceTitle "CBM 076 Extra"]
[Source "ChessBase"]
[SourceDate "2000.07.11"]
[SourceVersion "1"]
[SourceVersionDate "2000.07.11"]
[SourceQuality "1"]

1. c4 e5 2. g3 Nf6 3. Bg2 Nc6 4. Nc3 Bb4 5. Nd5 Be7 6. d3 0-0 7. e3 Re8 8. Ne2 Bf8 9. 0-0 Nb4 10. Nxf6+ Qxf6 11. a3 Na6 12. f4 c6 13. f5 Nc7 14. Nc3 Qd8 15. Qf3 b6 16. b4 Bb7 17. e4 d5 18. exd5 cxd5 19. cxd5 Qd7 20. f6 g6 21. Bb2 Rad8 22. Rae1 a5 23. bxa5 bxa5 24. Re2 Bc5+ 25. Kh1 h5 26. Rfe1 Bd4 27. Ne4 Nb5 28. Bxd4 Nxd4 29. Qe3 Bxd5 30. Rf2 Kh7 31. Ng5+ Kg8 32. Ne4 Kh7 33. Ng5+ Kg8 34. Ne4 1/2-1/2

[Event "St Petersburg op (Women)"]
[Site "St Petersburg"]
[Date "2000.04.14"]
[Round "8"]
[White "Bezgodova, Svetlana"]
[Black "Ovchinnikova, Julia"]
[Result "1-0"]
[WhiteElo "2268"]
[BlackElo "2221"]
[PlyCount "97"]
[EventDate "2000.04.07"]
[EventType "swiss"]
[EventRounds "9"]
[EventCountry "RUS"]
[SourceTitle "CBM 075 Extra"]
[Source "ChessBase"]
[SourceDate "2000.05.11"]
[SourceVersion "2"]
[SourceVersionDate "2000.05.11"]
[SourceQuality "1"]

1. Nf3 d5 2. g3 Bg4 3. Bg2 Nd7 4. c4 e6 5. 0-0 dxc4 6. Qa4 c6 7. Qxc4 Bxf3 8. exf3 Nb6 9. Qe2 Bc5 10. Nc3 Ne7 11. d4 Bxd4 12. Rd1 Nf5 13. Be3 c5 14. Ne4 Qe7 15. g4 Nd6 16. Bxd4 cxd4 17. Rxd4 Nxe4 18. Qb5+ Kf8 19. fxe4 e5 20. Rd3 h5 21. a4 Rh6 22. a5 a6 23. axb6 hxg4 24. Qd7 Rxb6 25. Rc1 Qxd7 26. Rxd7 g6 27. Rcc7 Rf6 28. Bf1 b5 29. Be2 Rf4 30. Bd1 Kg7 31. Bb3 Rf8 32. Bd5 a5 33. Kg2 a4 34. Rb7 Kh6 35. Rxf7 R8xf7 36. Rxf7 Rxf7 37. Bxf7 b4 38. Be8 a3 39. bxa3 bxa3 40. Bf7 Kh5 41. Kg3 Kg5 42. Bd5 Kh5 43. h3 gxh3 44. Kxh3 Kg5 45. Kg3 Kh5 46. f4 exf4+ 47. Kxf4 Kh4 48. e5 g5+ 49. Ke3 1-0

[Event "St Petersburg op (Women)"]
[Site "St Petersburg"]
[Date "2000.04.10"]
[Round "4"]
[White "Khramtsova, Elena"]
[Black "Ovchinnikova, Julia"]
[Result "0-1"]
[WhiteElo "2080"]
[BlackElo "2221"]
[PlyCount "68"]
[EventDate "2000.04.07"]
[EventType "swiss"]
[EventRounds "9"]
[EventCountry "RUS"]
[SourceTitle "CBM 075 Extra"]
[Source "ChessBase"]
[SourceDate "2000.05.11"]
[SourceVersion "2"]
[SourceVersionDate "2000.05.11"]
[SourceQuality "1"]

1. e4 c5 2. Nf3 Nc6 3. c4 e5 4. Nc3 Be7 5. d3 d6 6. Be2 Nf6 7. Nd5 a6 8. 0-0 0-0 9. Be3 Rb8 10. Ne1 Nd4 11. f4 b5 12. b3 bxc4 13. bxc4 Rb2 14. Bf3 Nxd5 15. exd5 exf4 16. Bxd4 cxd4 17. Qc1 Rb8 18. Qxf4 Bg5 19. Qg3 Rb2 20. Bg4 Be3+ 21. Kh1 Qg5 22. Bxc8 Qxg3 23. hxg3 Rxc8 24. Nf3 Rcb8 25. Kh2 Kf8 26. Nh4 Rd2 27. Rab1 Rxb1 28. Rxb1 g6 29. Rb8+ Ke7 30. Rb7+ Ke8 31. Nf3 Rxd3 32. c5 Rc3 33. cxd6 f6 34. g4 h6 0-1

[Event "RUS-ch 1L (Women)"]
[Site "Orsk"]
[Date "2000.??.??"]
[Round "4"]
[White "Gumilevskaja, Galina"]
[Black "Ovchinnikova, Julia"]
[Result "1-0"]
[WhiteElo "2063"]
[BlackElo "2221"]
[PlyCount "149"]
[EventDate "2000.??.??"]
[EventType "swiss"]
[EventRounds "9"]
[EventCountry "RUS"]
[SourceTitle "EXT 2001"]
[Source "ChessBase"]
[SourceDate "2000.11.22"]
[SourceVersion "1"]
[SourceVersionDate "2000.11.22"]
[SourceQuality "1"]

1. Nf3 c5 2. c4 Nf6 3. Nc3 g6 4. e3 Bg7 5. Be2 0-0 6. 0-0 Nc6 7. d4 d6 8. d5 Nb8 9. e4 Na6 10. h3 Nc7 11. Be3 e5 12. Qd2 Nfe8 13. Ne1 Qe7 14. Nd3 f5 15. f3 Bd7 16. b4 b6 17. bxc5 bxc5 18. Rab1 Bf6 19. Bd1 Bh4 20. Ba4 Bxa4 21. Nxa4 fxe4 22. fxe4 Nf6 23. Nc3 Na6 24. Bh6 Rf7 25. Qe3 Nh5 26. Rxf7 Qxf7 27. Rf1 Qe7 28. Ne2 Qd7 29. Qf3 Bf6 30. g4 Bg7 31. Bxg7 Nxg7 32. Nc3 Nc7 33. Qf6 Re8 34. Nb5 Nxb5 35. cxb5 Qe7 36. a4 Qxf6 37. Rxf6 Rd8 38. Nb2 Ne8 39. Rf3 Kg7 40. Nc4 Nf6 41. Re3 g5 42. Kf2 Kf7 43. Rf3 Ke7 44. Ke3 Nd7 45. Na5 Ke8 46. Nc6 Rc8 47. a5 Rc7 48. Kd3 Rb7 49. Kc4 Rc7 50. Rf1 Rb7 51. Rf7 Kxf7 52. Nd8+ Ke7 53. Nxb7 Nb6+ 54. Kb3 Kd7 55. a6 Kc7 56. Na5 Na8 57. Nc6 Kb6 58. Nd8 Kxb5 59. Nf7 Kxa6 60. Nxd6 Nb6 61. Nf7 Kb5 62. Nxe5 c4+ 63. Kc3 Kc5 64. Nf7 a5 65. Nxg5 a4 66. Ne6+ Kd6 67. Kb4 Ke5 68. Nc5 Nxd5+ 69. exd5 Kxd5 70. Nxa4 Ke5 71. Kxc4 Kf4 72. Kd4 h5 73. gxh5 Kg5 74. Ke4 Kxh5 75. Kf3 1-0

[Event "RUS-ch 1L (Women)"]
[Site "Orsk"]
[Date "2000.??.??"]
[Round "3"]
[White "Ovchinnikova, Julia"]
[Black "Saunina, Ludmila"]
[Result "0-1"]
[WhiteElo "2221"]
[BlackElo "2260"]
[PlyCount "58"]
[EventDate "2000.??.??"]
[EventType "swiss"]
[EventRounds "9"]
[EventCountry "RUS"]
[SourceTitle "EXT 2001"]
[Source "ChessBase"]
[SourceDate "2000.11.22"]
[SourceVersion "1"]
[SourceVersionDate "2000.11.22"]
[SourceQuality "1"]

1. d4 Nf6 2. c4 e6 3. Nc3 Bb4 4. e3 b6 5. Nge2 c5 6. a3 Ba5 7. Rb1 Na6 8. Ng3 Bb7 9. f3 cxd4 10. Qxd4 Bxc3+ 11. Qxc3 0-0 12. e4 d5 13. e5 Nd7 14. cxd5 exd5 15. Be2 Rc8 16. Qd4 Nac5 17. Nf5 Ne6 18. Qe3 d4 19. Qd2 Nxe5 20. 0-0 d3 21. Bd1 Nc4 22. Qf2 d2 23. Bb3 dxc1Q 24. Rbxc1 Ne5 25. Rcd1 Qf6 26. Nd6 Rc7 27. Nb5 Re7 28. Nxa7 Nc5 29. Bc2 Ba6 0-1

[Event "RUS-ch49 (Women)"]
[Site "Moscow"]
[Date "1999.05.27"]
[Round "11"]
[White "Chasovnikova, Eugenia"]
[Black "Ovchinnikova, Julia"]
[Result "0-1"]
[WhiteElo "2247"]
[BlackElo "2205"]
[PlyCount "82"]
[EventDate "1999.05.??"]
[EventType "swiss"]
[EventRounds "9"]
[EventCountry "RUS"]
[SourceTitle "CBM 070 Extra"]
[Source "ChessBase"]
[SourceDate "1999.07.10"]
[SourceVersion "1"]
[SourceVersionDate "1999.07.10"]
[SourceQuality "1"]

1. d4 d5 2. c4 c6 3. Nf3 e6 4. g3 dxc4 5. Bg2 Bb4+ 6. Nc3 c5 7. 0-0 Nc6 8. Bf4 cxd4 9. Nxd4 Nge7 10. Ndb5 0-0 11. Qc2 e5 12. Rad1 Qa5 13. Bg5 Be6 14. Bxe7 Nxe7 15. Qe4 Rab8 16. f4 a6 17. Qxe5 axb5 18. Be4 Qb6+ 19. Kh1 f5 20. Nxb5 Ng6 21. Qxe6+ Qxe6 22. Bd5 Rfe8 23. a3 Bf8 24. e4 Qxd5 25. exd5 Rbd8 26. Nc7 Re2 27. Ne6 Rd6 28. Nd4 Rxb2 29. Nxf5 Rd7 30. d6 Rb5 31. g4 Rc5 32. a4 c3 33. h4 c2 34. Rc1 Bxd6 35. Rf2 Bxf4 36. Rcxc2 Rxc2 37. Rxc2 Bc7 38. Rb2 Bd8 39. h5 Ne7 40. Ne3 Nc6 41. Kg2 Bg5 0-1

[Event "RUS-Cup06"]
[Site "Nizhnij Novgorod"]
[Date "1998.06.29"]
[Round "1"]
[White "Rashkovsky, Nukhim N"]
[Black "Ovchinnikova, Julia"]
[Result "1-0"]
[WhiteElo "2505"]
[BlackElo "2200"]
[PlyCount "51"]
[EventDate "1998.06.29"]
[EventType "swiss"]
[EventRounds "9"]
[EventCountry "RUS"]
[SourceTitle "EXT 2000"]
[Source "ChessBase"]
[SourceDate "1999.11.16"]
[SourceVersion "1"]
[SourceVersionDate "1999.11.16"]
[SourceQuality "1"]

1. d4 Nf6 2. Nf3 d5 3. c4 e6 4. e3 Nbd7 5. Nc3 Bb4 6. Bd3 c5 7. cxd5 exd5 8. 0-0 0-0 9. Ne5 Nxe5 10. dxe5 Ng4 11. Nxd5 Qh4 12. h3 Nxe5 13. Be2 Be6 14. Nf4 Rfd8 15. Qc2 Qe7 16. Nxe6 Qxe6 17. a3 Ba5 18. Qxc5 Rd5 19. Qc2 Rc8 20. Qe4 f5 21. Qb1 Rcd8 22. e4 fxe4 23. Qxe4 Rd4 24. Qxb7 Bb6 25. Be3 R8d7 26. Qc8+ 1-0

[Event "RUS-ch sf"]
[Site "Pskov"]
[Date "1998.??.??"]
[Round "9"]
[White "Krapivin, Vladislav"]
[Black "Ovchinnikova, Julia"]
[Result "1/2-1/2"]
[WhiteElo "2385"]
[BlackElo "2200"]
[PlyCount "71"]
[EventDate "1998.??.??"]
[EventType "swiss"]
[EventRounds "11"]
[EventCountry "RUS"]
[SourceTitle "EXT 2000"]
[Source "ChessBase"]
[SourceDate "1999.11.16"]
[SourceVersion "1"]
[SourceVersionDate "1999.11.16"]
[SourceQuality "1"]

1. e4 e6 2. d4 d5 3. e5 c5 4. c3 Nc6 5. Nf3 Qb6 6. a3 Nh6 7. Bd3 Bd7 8. dxc5 Bxc5 9. 0-0 a5 10. Nbd2 Ng4 11. Qe2 Qc7 12. Nb3 Bb6 13. Bf4 f6 14. Nbd4 Ngxe5 15. Nxe5 Nxe5 16. Qh5+ Ke7 17. Rae1 g6 18. Qh6 Kf7 19. Re3 Bxd4 20. cxd4 Ng4 21. Bxg6+ hxg6 22. Qxh8 Rxh8 23. Bxc7 Nxe3 24. fxe3 Ra8 25. Be5 f5 26. h4 Ke7 27. Kh2 Rc8 28. Rf2 b5 29. g4 fxg4 30. Kg3 b4 31. axb4 axb4 32. Kxg4 b3 33. Kg5 Rc2 34. Bg3 Rxf2 35. Bxf2 Kf7 36. Bg3 1/2-1/2

[Event "RUS-Cup08"]
[Site "Omsk/Perm"]
[Date "1998.??.??"]
[Round "3"]
[White "Malinin, Yuri"]
[Black "Ovchinnikova, Julia"]
[Result "1-0"]
[WhiteElo "2335"]
[BlackElo "2200"]
[PlyCount "34"]
[EventDate "1998.??.??"]
[EventType "swiss"]
[EventRounds "9"]
[EventCountry "RUS"]
[SourceTitle "EXT 2000"]
[Source "ChessBase"]
[SourceDate "1999.11.16"]
[SourceVersion "1"]
[SourceVersionDate "1999.11.16"]
[SourceQuality "1"]

1. c4 c5 2. Nc3 Nc6 3. g3 g6 4. Bg2 Bg7 5. d3 e5 6. a3 d6 7. Rb1 a5 8. e3 Nge7 9. Nge2 0-0 10. 0-0 f5 11. f4 Rb8 12. Nd5 Bh8 13. Nec3 Be6 14. Bd2 Re8 15. Nb5 Rc8 16. h3 h6 17. Kh2 Kh7 1-0